World Language Families - Statistics

General Stats
  • This quiz has been taken 339 times
  • The average score is 27 of 64
Answer Stats
Answer % Correct
Italic
89%
Germanic
87%
Balto-Slavic
85%
Indo-European
83%
Japonic
81%
Koreanic
76%
Turkic
76%
Uralic
76%
Indo-Iranian
72%
Hellenic
67%
Austronesian
66%
Vasconic
66%
Niger-Congo
65%
Afro-Asiatic
64%
Malayo-Polynesian
61%
Sino-Tibetan
61%
Semitic
60%
Albanian
59%
Dravidian
58%
Armenian
54%
Celtic
54%
Chinese
54%
Tai-Kadai
54%
Austroasiatic
50%
Eskimo-Aleut
50%
Mongolic
50%
Nilo-Saharan
50%
Kartvelian
46%
Berber
44%
Lolo-Burmese
43%
Mayan
39%
Quechuan
39%
Khoe
36%
Tibetic
36%
Tupian
36%
Australian
35%
Kx'a
34%
Tuu
34%
Na-Dené
33%
Uto-Aztecan
32%
Hmong-Mien
30%
Tungusic
28%
Algic
26%
Aymaran
26%
Chadic
26%
Pontic
26%
Cushitic
25%
Caspian
24%
Papuan
24%
Iroquoian
22%
Arawakan
20%
Cariban
20%
Siouan
17%
Ainu
16%
Formosan
15%
Oto-Mangue
14%
Omotic
13%
Salishan
10%
Muskogean
9%
Chibchan
7%
Karenic
6%
Paleo-Siberian
6%
Mixe-Zoque
5%
Totonacan
1%
No matching quizzes found
Score Distribution
Percent of People with Each Score
Percentile by Number Answered
Your Score History
You have not taken this quiz